00947nac a22002411u 4500010001300000020002400013082001400037090001500051100003400066245007900100260009100179300002700270490003400297500001400331500003400345504005300379505009400432650002500526700002100551942001600572999001500588952010200603 a78311726 a8200023923 (v. 1) : a389bE425 c1765d1765 aEliassen, Arnt. 10aMeteorology :ban introductory course /cArnt Eliassen and Kaare Pedersen. aOslo :bUniversitetsforlaget ;aNew York :bdistr., Columbia University Press,cc1977. a2 v. :bill. ;c22 cm.0 aScandinavian university books aDonations aDonations - Dr. Mostafa Gouda aIncludes bibliographical references and indexes.0 av. 1. Physical processes and motion. -- v. 2. Application to weather and weather systems. 0aDynamic meteorology.1 aPedersen, Kaare, cBBk389E425 c1765d1765 00104070aMAINbMAINc1STd2013-12-06ePurchasel0o389 ELIp000002552r2025-07-15 00:00:00yBB